Los retablos dorados de Nueva España /

Gespeichert in:
Bibliographische Detailangaben
1. Verfasser: Maza Cuadra, Francisco de la (autor)
Format: Buch
Sprache:Spanisch
Veröffentlicht: México : Ediciones Mexicanas, 1950, c1950
Schriftenreihe:(Enciclopedia Mexicana de Arte ; 9)
Schlagworte:
Tags: Tag hinzufügen
Keine Tags, Fügen Sie das erste Tag hinzu!

MARC

LEADER 00000nam^a2200000^a^4500
001 000125220
005 20250521000000.0
009 20260310094643.152
037 |a Acervo ITESO - Biblioteca 
041 |a ESP 
082 |a 720. 97203  |b MAZ 
100 |a Maza Cuadra, Francisco de la  |e (autor) 
245 1 4 |a Los retablos dorados de Nueva España /  |c F. de la Maza. 
264 4 |a México :  |b Ediciones Mexicanas,  |c 1950, c1950 
300 |a 43 p. 
336 |a texto  |b txt  |2 rdacontenido 
337 |a sin mediación  |b n  |2 rdamedio 
338 |a volumen  |b nc  |2 rdasoporte 
440 1 |a (Enciclopedia Mexicana de Arte ;  |v 9) 
649 |a XX 
650 |a Retablos -  |z México 
650 |a Arquitectura Barroca 
650 |a Arquitectura Religiosa 
650 |a Arquitectura Virreinal -  |z México 
650 |a Arquitectura Mexicana 
650 |a Escultura Barroca 
650 |a Escultura Religiosa 
650 |a Escultura Virreinal -  |z México 
650 |a Escultura Mexicana 
650 |a Arte Barroco 
650 |a Arte Religioso 
650 |a Arte Virreinal -  |z México 
650 |a Arte Mexicano 
910 |a Fondo Salvador Reynoso Reynoso 
920 |a Impresos - Libros 
930 |a Fondos Especiales 
905 |a 112 
901 |a 0800007999  |b IT2  |c ESP  |u 20250521 
902 |a https://opac.biblio.iteso.mx/vufind/Record/000125220